Miasta w Polsce na literę I - Statystyki

Ogólne statystyki
  • Ten quiz został rozwiązany 202 razy
    49 od ostatniego zresetowania
  • Średni wynik to 6 z 11
Statystyki odpowiedzi
Liczba mieszkańców Województwo Miasto % Poprawnych
66 060 kujawsko-pomorskie Inowrocław
100%
31 909 warmińsko-mazurskie Iława
97%
9432 śląskie Imielin
63%
4138 mazowieckie Iłża
57%
1647 lubelskie Izbica
57%
1490 podkarpackie Iwonicz-Zdrój
47%
2379 kujawsko-pomorskie Izbica Kujawska
43%
3520 lubuskie Iłowa
37%
766 łódzkie Inowłódz
37%
1728 zachodniopomorskie Ińsko
30%
1200 świętokrzyskie Iwaniska
27%
Nie znaleziono quizów pasujących do podanych kryteriów
Rozkład punktacji
Procent ludzi z każdym wynikiem
Percentyl według liczby udzielonych odpowiedzi
Twoja historia wyników
Nie rozwiązałeś tego quizu od ostatniego zresetowania